Statistics for Largest Pacific Ocean Cities

Click here to take the quiz!

General Stats

  • This quiz has been taken 1,472 times
    (551 since last reset)
  • The average score is 24 of 50

Answer Stats

PopulationRegionCity% Correct
40,000,000East AsiaTokyo
97%
17,700,000North AmericaLos Angeles
91%
30,000,000East AsiaShanghai
90%
5,000,000OceaniaSydney
88%
7,800,000North AmericaSan Francisco Bay Area
87%
24,600,000SE AsiaManila
84%
4,250,000North AmericaSeattle
82%
10,300,000South AmericaLima
80%
7,350,000East AsiaHong Kong
79%
4,600,000OceaniaMelbourne
79%
17,700,000East AsiaOsaka
79%
24,600,000East AsiaSeoul/Incheon
79%
45,600,000East AsiaGuangzhou/Shenzhen
78%
3,350,000North AmericaSan Diego
76%
8,350,000SE AsiaHo-Chi-Minh City
73%
3,000,000OceaniaBrisbane
71%
1,600,000OceaniaAuckland
69%
2,750,000North AmericaVancouver
69%
18,500,000SE AsiaBangkok
68%
9,100,000East AsiaTaipei
64%
12,750,000East AsiaTianjin
54%
4,200,000East AsiaBusan
53%
10,500,000East AsiaNagoya
53%
2,500,000East AsiaSapporo
50%
1,850,000Central Amer.San Salvador
41%
2,000,000North AmericaTijuana
41%
9,800,000East AsiaXiamen
41%
1,350,000OceaniaAdelaide
40%
1,550,000Central Amer.Panama City
39%
1,900,000East AsiaHiroshima
37%
3,100,000South AmericaGuayaquil
34%
2,600,000SE AsiaCebu City
33%
2,700,000East AsiaFukuoka
32%
8,250,000East AsiaHangzhou
32%
6,000,000East AsiaQingdao
32%
4,500,000East AsiaDalian
31%
4,150,000East AsiaFuzhou
27%
1,550,000SE AsiaDavao City
24%
1,500,000East AsiaSendai
19%
7,700,000East AsiaShantou
18%
5,300,000East AsiaWenzhou
18%
2,800,000East AsiaKaohsiung
16%
2,000,000East AsiaHaikou
12%
2,400,000East AsiaTaichung
11%
1,350,000East AsiaTainan
9%
2,100,000East AsiaKitakyushu
8%
2,200,000East AsiaOkayama
8%
1,400,000SE AsiaPattaya City/Chonburi
5%
2,250,000East AsiaTaizhou
5%
2,000,000East AsiaNantong
3%

Score Distribution

Percentile by Number Answered

Percent of People with Each Score

Your Score History

You have not taken this quiz since the last reset